[Event "Cappelle op 40th"]
[Site "Cappelle la Grande"]
[Date "2024.03.04"]
[Round "4"]
[White "Fedoryshyn, Ievgenii"]
[Black "Eugene, Floryan"]
[Result "1-0"]
[WhiteElo "2256"]
[BlackElo "2422"]
[PlyCount "71"]
[EventDate "2024.03.02"]
[EventType "swiss"]
[EventRounds "9"]
[EventCountry "FRA"]
[SourceTitle "CB11_2024"]
[SourceDate "2024.03.13"]
[SourceVersion "1"]
[SourceVersionDate "2024.03.13"]
[SourceQuality "1"]

1. e4 e5 2. Nf3 Nc6 3. d4 exd4 4. Nxd4 Nf6 5. Nxc6 bxc6 6. e5 Qe7 7. Qe2 Nd5 8. c4 Ba6 9. b3 g6 10. Ba3 Nb4 11. Bb2 Bg7 12. a3 Nd5 13. Nd2 0-0 14. 0-0-0 Rfe8 15. Re1 Rab8 16. h4 Nb6 17. h5 d5 18. hxg6 hxg6 19. Qf3 Bxc4 20. bxc4 Na4 21. Bd4 Red8 22. Qe3 c5 23. Ba1 d4 24. Qh3 Rb6 25. Bd3 Nc3 26. e6 fxe6 27. Qh7+ Kf8 28. Rh3 e5 29. Rf3+ Rf6 30. Rxf6+ Qxf6 31. Qxg6 Qb6 32. Qxb6 cxb6 33. Kc2 b5 34. Bxc3 dxc3 35. Ne4 b4 36. Nxc5 1-0

[Event "Liffre op"]
[Site "Liffre"]
[Date "2017.10.24"]
[Round "6"]
[White "Sundararajan, Kidambi"]
[Black "Fedoryshyn, Ievgenii"]
[Result "1-0"]
[WhiteElo "2417"]
[BlackElo "2232"]
[PlyCount "59"]
[EventDate "2017.10.21"]
[EventType "swiss"]
[EventRounds "9"]
[EventCountry "FRA"]
[SourceTitle "CBM 181 Extra"]
[Source "ChessBase"]
[SourceDate "2017.12.12"]
[SourceVersion "1"]
[SourceVersionDate "2017.12.12"]
[SourceQuality "1"]

1. c4 e5 2. Nc3 Nf6 3. Nf3 Nc6 4. e3 Bb4 5. Qc2 0-0 6. Be2 d5 7. cxd5 Nxd5 8. 0-0 Be6 9. d4 exd4 10. exd4 h6 11. Be3 Qe7 12. Rfe1 Rad8 13. Rad1 Nb8 14. Bd2 c6 15. Bd3 Nf6 16. Bc4 Nd5 17. a3 Bxc3 18. Bxc3 Qf6 19. Ne5 Nd7 20. Bxd5 Bxd5 21. Bb4 Nxe5 22. dxe5 Qg5 23. f4 Qxf4 24. Bxf8 Rxf8 25. Qf2 Qg4 26. Rd3 Re8 27. Rg3 Qa4 28. Qf6 Qd4+ 29. Kh1 g6 30. Rxg6+ 1-0

[Event "Equeurdreville de la Manche-ch"]
[Site "Equeurdreville"]
[Date "2016.02.28"]
[Round "3"]
[White "Fedoryshyn, Ievgenii"]
[Black "Piassale, Nils"]
[Result "1-0"]
[WhiteElo "2185"]
[BlackElo "1605"]
[PlyCount "77"]
[EventDate "2016.02.27"]
[EventType "swiss"]
[EventRounds "6"]
[EventCountry "FRA"]
[SourceTitle "EXT 2024"]
[Source "ChessBase"]
[SourceDate "2023.10.10"]
[SourceVersion "1"]
[SourceVersionDate "2023.10.10"]
[SourceQuality "1"]

1. e4 e5 2. Nf3 Nc6 3. Bb5 a6 4. Ba4 Nf6 5. 0-0 Be7 6. Re1 b5 7. Bb3 0-0 8. h3 d6 9. c3 Nb8 10. d4 Nbd7 11. Nbd2 Bb7 12. a4 Re8 13. Ba2 Bf8 14. axb5 axb5 15. Qb3 Re7 16. Qxb5 Ba6 17. Bxf7+ Kxf7 18. Rxa6 h6 19. Qc4+ Ke8 20. Rxa8 Qxa8 21. Qxc7 exd4 22. Nxd4 Nxe4 23. Nc6 Re6 24. Rxe4 Rxe4 25. Nxe4 Nf6 26. Nxf6+ gxf6 27. Bxh6 f5 28. Bxf8 Kxf8 29. Qe7+ Kg8 30. Nd4 Qa1+ 31. Kh2 Qc1 32. Ne6 Qh6 33. b4 d5 34. b5 d4 35. cxd4 f4 36. b6 f3 37. b7 fxg2 38. b8R+ Qf8 39. Qg7# 1-0

[Event "Le Port Marly Paribas blitz op"]
[Site "Le Port Marly"]
[Date "2014.??.??"]
[Round "6"]
[White "Partac, Elena"]
[Black "Fedoryshyn, Ievgenii"]
[Result "1-0"]
[WhiteElo "2079"]
[BlackElo "2180"]
[PlyCount "72"]
[EventDate "2014.06.14"]
[EventType "swiss (blitz)"]
[EventRounds "15"]
[EventCountry "FRA"]
[SourceTitle "EXT 2015"]
[Source "ChessBase"]
[SourceDate "2014.11.20"]
[SourceVersion "1"]
[SourceVersionDate "2014.11.20"]
[SourceQuality "1"]

1. e4 e6 2. d3 d5 3. Nd2 c5 4. g3 Nc6 5. Bg2 Nf6 6. Ngf3 dxe4 7. dxe4 e5 8. h3 h6 9. 0-0 Be6 10. Qe2 Be7 11. c3 0-0 12. Nc4 Qc7 13. a4 a6 14. a5 Bxc4 15. Qxc4 Nxa5 16. Qa4 Nc6 17. Be3 b5 18. Qc2 c4 19. Nh4 Rfd8 20. Nf5 Bf8 21. Qe2 Kh7 22. Qf3 a5 23. Nxh6 gxh6 24. Qxf6 Rd6 25. Qf5+ Rg6 26. h4 Kg8 27. h5 Ne7 28. Qf3 Rd6 29. Rad1 Rad8 30. Rxd6 Rxd6 31. Qg4+ Kh7 32. Qf3 Qd7 33. Qxf7+ Bg7 34. Bf3 Rf6 35. Bg2 Rd6 36. Bc5 Re6 1-0

[Event "Le Port Marly Paribas blitz op"]
[Site "Le Port Marly"]
[Date "2014.??.??"]
[Round "10"]
[White "Sotelo, Renzo"]
[Black "Fedoryshyn, Ievgenii"]
[Result "0-1"]
[WhiteElo "2061"]
[BlackElo "2180"]
[PlyCount "58"]
[EventDate "2014.06.14"]
[EventType "swiss (blitz)"]
[EventRounds "15"]
[EventCountry "FRA"]
[SourceTitle "EXT 2015"]
[Source "ChessBase"]
[SourceDate "2014.11.20"]
[SourceVersion "1"]
[SourceVersionDate "2014.11.20"]
[SourceQuality "1"]

1. e4 e6 2. Nf3 c5 3. Nc3 Nc6 4. Bc4 a6 5. a4 Nf6 6. d3 d5 7. exd5 exd5 8. Bb3 Be7 9. h3 0-0 10. 0-0 h6 11. Bf4 Be6 12. Re1 Qb6 13. Ne5 Na5 14. Bh2 Nxb3 15. cxb3 d4 16. Ne4 Bxb3 17. Nxf6+ Bxf6 18. Nd7 Bxd1 19. Nxb6 Bc2 20. Ra3 Rae8 21. Rc1 Re2 22. Nd7 Rfe8 23. Nxf6+ gxf6 24. Bd6 b6 25. a5 R8e6 26. Bxc5 b5 27. Bxd4 Rd2 28. Rc3 Kf8 29. Rd1 Rxd1+ 0-1